000 00415nam a2200157Ia 4500
005 20241003012623.0
008 240331s9999 xx 000 0 und d
020 _a9555800367
082 _bSIR
_a811
100 _aSiriwardena,R
245 4 _aThe pure water of poetry
260 _aColombo
_bInternational Centre For Ethnic Studies
_c1999
300 _a42 p .,
500 _a English And Russian poets.
942 _cL
999 _c3158
_d3158